[Event "FIDE World Uni Rapid-A 1st"]
[Site "Tornelo INT"]
[Date "2021.03.20"]
[Round "6"]
[White "Yuan, Qingyu"]
[Black "Vozinaki, Anthi Maria"]
[Result "1-0"]
[WhiteElo "2373"]
[BlackElo "1861"]
[PlyCount "67"]
[EventDate "2021.03.20"]
[EventType "swiss (rapid)"]
[EventRounds "12"]
[EventCountry "NET"]
[SourceTitle "CBM 201 Extra"]
[Source "ChessBase"]
[SourceDate "2021.05.31"]
[SourceVersion "1"]
[SourceVersionDate "2021.05.31"]
[SourceQuality "1"]

1. e4 c5 2. Nf3 e6 3. g3 Nc6 4. Bg2 Nf6 5. Qe2 d5 6. exd5 Nxd5 7. 0-0 Be7 8. Rd1 0-0 9. d4 cxd4 10. Nxd4 Qb6 11. Nxc6 bxc6 12. c4 Nf6 13. Nc3 Bb7 14. Be3 Qb4 15. Qc2 Qxc4 16. Rd4 Qc5 17. Rd7 Nxd7 18. Bxc5 Nxc5 19. Rd1 Rfd8 20. Rxd8+ Rxd8 21. b4 Nd3 22. a3 Ne5 23. Qa4 a6 24. Qa5 Nc4 25. Qc7 Bf6 26. Qxb7 Bxc3 27. Qxc6 Ne5 28. Qxc3 Rd1+ 29. Bf1 f6 30. Kg2 Kf7 31. Bxa6 Rd6 32. Be2 Rc6 33. Qb3 Ng4 34. Bxg4 1-0

[Event "GRE-ch (Women) 42nd"]
[Site "Thessaloniki"]
[Date "2019.11.25"]
[Round "6"]
[White "Vozinaki, Anthi Maria"]
[Black "Pavlidou, Ekaterini"]
[Result "1/2-1/2"]
[WhiteElo "1878"]
[BlackElo "2183"]
[PlyCount "160"]
[EventDate "2019.11.20"]
[EventType "tourn"]
[EventRounds "9"]
[EventCountry "GRE"]
[SourceTitle "CBM 193 Extra"]
[Source "ChessBase"]
[SourceDate "2020.01.31"]
[SourceVersion "1"]
[SourceVersionDate "2020.01.31"]
[SourceQuality "1"]

1. e4 c5 2. Nf3 Nc6 3. d4 cxd4 4. Nxd4 Nf6 5. Nc3 e6 6. Ndb5 Bc5 7. Bf4 0-0 8. Bd6 Qb6 9. Bxc5 Qxc5 10. Qd6 Qb6 11. Qc7 Qc5 12. Qd6 Qb6 13. Qc7 Qxc7 14. Nxc7 Rb8 15. N7b5 d5 16. exd5 exd5 17. 0-0-0 Rd8 18. Nd4 Ng4 19. Nxc6 bxc6 20. Rd2 Be6 21. h3 Nf6 22. Bd3 c5 23. Rhd1 d4 24. Na4 Rdc8 25. Ba6 Rc6 26. Bf1 h5 27. g3 Bd5 28. Re1 Rb4 29. b3 Be4 30. Bd3 Bg2 31. Re7 c4 32. Bf5 cxb3 33. axb3 g6 34. Bd3 Rxb3 35. Rxa7 Bxh3 36. Be2 Bf5 37. Ra5 Rb4 38. Nc5 Ne4 39. Nxe4 Bxe4 40. Ra8+ Kg7 41. Rd8 Rc3 42. Rd6 Bf5 43. R6xd4 Rxc2+ 44. Rxc2 Rxd4 45. Rd2 Ra4 46. Rb2 Rb4 47. Rc2 Rd4 48. Rd2 Ra4 49. Rb2 Rd4 50. Rd2 Rxd2 51. Kxd2 Kf6 52. Ke3 Ke5 53. Bc4 Be6 54. Be2 f6 55. Bd1 Bf7 56. f4+ Kf5 57. Be2 g5 58. fxg5 Kxg5 59. Kf2 Be6 60. Bd1 Bg4 61. Bc2 Bf5 62. Bd1 Be4 63. Be2 Bc6 64. Bd1 Be8 65. Be2 Kf5 66. Ke3 Kg5 67. Kf2 Bd7 68. Bd1 Bf5 69. Be2 Be4 70. Bd1 Bd3 71. Ke3 Bb5 72. Kf2 Bd3 73. Ke3 Bb1 74. Kf2 f5 75. Be2 Ba2 76. Bd1 Bf7 77. Be2 h4 78. gxh4+ Kxh4 79. Bd3 f4 80. Be4 Kg5 1/2-1/2

[Event "GRE-ch (Women) 42nd"]
[Site "Thessaloniki"]
[Date "2019.11.24"]
[Round "5"]
[White "Vozinaki, Anthi Maria"]
[Black "Hristodoulaki, Antonia"]
[Result "0-1"]
[WhiteElo "1878"]
[BlackElo "2054"]
[PlyCount "116"]
[EventDate "2019.11.20"]
[EventType "tourn"]
[EventRounds "9"]
[EventCountry "GRE"]
[SourceTitle "CBM 193 Extra"]
[Source "ChessBase"]
[SourceDate "2020.01.31"]
[SourceVersion "1"]
[SourceVersionDate "2020.01.31"]
[SourceQuality "1"]

1. e4 e6 2. d4 d5 3. Nc3 Nf6 4. Bg5 dxe4 5. Nxe4 Be7 6. Bxf6 gxf6 7. Nf3 f5 8. Nc3 a6 9. Qe2 b5 10. 0-0-0 b4 11. Na4 Qd5 12. b3 Bb7 13. Qe3 Nd7 14. Bc4 Qe4 15. Qd2 0-0-0 16. h3 Bd6 17. Kb1 Qf4 18. Qe2 Nb8 19. d5 exd5 20. Rd4 Rhe8 21. Rxf4 Rxe2 22. Bxe2 Bxf4 23. Bd3 Rh8 24. Nc5 Nc6 25. Bxf5+ Kb8 26. Re1 Ka7 27. g3 Bh6 28. Bd7 Rd8 29. Be8 Bc8 30. Bxf7 Kb6 31. Ne6 Rd6 32. Nfg5 Nd4 33. Nxd4 Bxg5 34. Be6 Bb7 35. Nf5 Rd8 36. f4 Bf6 37. Re3 Bc3 38. g4 d4 39. Rg3 Re8 40. Nxd4 Bxd4 41. f5 Bc8 42. c3 Bxc3 43. Bxc8 Rxc8 44. g5 Kc6 45. f6 Rg8 46. Rf3 Kd5 47. h4 Ke6 48. Re3+ Be5 49. Re4 a5 50. Rc4 Bd6 51. Re4+ Kf7 52. Kc2 Re8 53. Rg4 h6 54. Kd3 hxg5 55. hxg5 Kg6 56. Rg2 Re5 57. Rf2 Rxg5 58. f7 Rf5 0-1

[Event "GRE-chT 47th"]
[Site "Patras"]
[Date "2019.07.03"]
[Round "3.2"]
[White "Avramidou, Anastasia"]
[Black "Vozinaki, Anthi Maria"]
[Result "1-0"]
[WhiteElo "2260"]
[BlackElo "2054"]
[PlyCount "55"]
[EventDate "2019.07.02"]
[EventType "team-swiss"]
[EventRounds "7"]
[EventCountry "GRE"]
[SourceTitle "CBM 191 Extra"]
[Source "ChessBase"]
[SourceDate "2019.09.30"]
[SourceVersion "1"]
[SourceVersionDate "2019.09.30"]
[SourceQuality "1"]
[WhiteTeam "Nikaia Fysiolatris"]
[BlackTeam "Chania SA"]
[WhiteTeamCountry "GRE"]
[BlackTeamCountry "GRE"]

1. d4 Nf6 2. Nf3 e6 3. e3 d5 4. Bd3 c5 5. b3 Nc6 6. 0-0 Be7 7. Bb2 0-0 8. c4 b6 9. Nbd2 Bb7 10. Qe2 Rc8 11. Rac1 Qc7 12. Rfd1 Rfd8 13. Bb1 Qb8 14. dxc5 bxc5 15. cxd5 Nxd5 16. Ne4 Ncb4 17. Nfg5 g6 18. Qf3 f5 19. Qh3 h5 20. Nxe6 fxe4 21. Nxd8 Rxd8 22. Qe6+ Kf8 23. Qxg6 Qd6 24. Qg7+ Ke8 25. Bxe4 Kd7 26. a3 Qe6 27. Qg6 Qxg6 28. Bxg6 1-0

[Event "Paleochora op 11th"]
[Site "Paleochora"]
[Date "2018.07.20"]
[Round "4"]
[White "Vozinaki, Anthi Maria"]
[Black "Spyropoulos, Nikolaos"]
[Result "0-1"]
[WhiteElo "1971"]
[BlackElo "2293"]
[PlyCount "138"]
[EventDate "2018.07.18"]
[EventType "swiss"]
[EventRounds "9"]
[EventCountry "GRE"]
[SourceTitle "CBM 186 Extra"]
[Source "ChessBase"]
[SourceDate "2018.08.24"]
[SourceVersion "1"]
[SourceVersionDate "2018.08.24"]
[SourceQuality "1"]

1. e4 Nf6 2. e5 Nd5 3. d4 d6 4. c4 Nb6 5. exd6 exd6 6. Nc3 Be7 7. h3 0-0 8. Bd3 Bf6 9. Nge2 Nc6 10. 0-0 g6 11. Be3 Nb4 12. Ng3 Nxd3 13. Qxd3 c6 14. Rad1 d5 15. c5 Nd7 16. b4 b5 17. cxb6 Nxb6 18. Rfe1 Nc4 19. Rb1 Re8 20. b5 cxb5 21. Nxb5 Rb8 22. Nc3 Rxb1 23. Qxb1 Nxe3 24. Rxe3 Bxd4 25. Rxe8+ Qxe8 26. Nxd5 Qe5 27. Qe4 Bb7 28. Qxe5 Bxe5 29. Nb4 Bd6 30. Nd3 Bd5 31. Nc1 Kg7 32. Nge2 Kf6 33. f3 Bc4 34. Kf2 Bc5+ 35. Ke1 Bb4+ 36. Kd1 Ba3 37. Nb3 Ke5 38. Kd2 a5 39. Ke3 a4 40. Nbc1 Bc5+ 41. Kd2 Bb4+ 42. Ke3 Ba5 43. Nd3+ Kd5 44. Nec1 a3 45. Nf4+ Kd6 46. Nfd3 f5 47. Kd4 Be6 48. Nf4 Bf7 49. Nfe2 g5 50. Kd3 Ke5 51. Nd4 Bb6 52. Nde2 h5 53. Kc3 Ba5+ 54. Kd3 h4 55. Nd4 Bb6 56. Nc6+ Kd6 57. Nd4 Kd5 58. Nde2 Ke5 59. Kc3 Ba5+ 60. Kd3 Bd5 61. Nd4 g4 62. hxg4 fxg4 63. fxg4 Bxg2 64. Nce2 h3 65. Kc4 h2 66. Ng3 Be1 67. Ndf5 Bxg3 68. Nxg3 Kf4 69. Ne2+ Kxg4 0-1

[Event "GRE-ch U20 Girls"]
[Site "Chania"]
[Date "2018.04.11"]
[Round "2"]
[White "Karavitaki, Evaggelia"]
[Black "Vozinaki, Anthi Maria"]
[Result "0-1"]
[WhiteElo "1733"]
[BlackElo "1954"]
[PlyCount "92"]
[EventDate "2018.04.10"]
[EventType "swiss"]
[EventRounds "9"]
[EventCountry "GRE"]
[SourceTitle "CBM 184 Extra"]
[Source "ChessBase"]
[SourceDate "2018.06.28"]
[SourceVersion "1"]
[SourceVersionDate "2018.06.28"]
[SourceQuality "1"]
[WhiteTeam "Greece"]
[BlackTeam "Greece"]
[WhiteTeamCountry "GRE"]
[BlackTeamCountry "GRE"]

1. e4 c5 2. Nf3 e6 3. d4 cxd4 4. Nxd4 Nc6 5. Nb5 d6 6. c4 a6 7. N5a3 Nf6 8. Nc3 Be7 9. Be2 b6 10. 0-0 0-0 11. Be3 Bb7 12. Rc1 Nb8 13. f3 Nbd7 14. Nc2 Qc7 15. Qd2 Rac8 16. Nd4 Qb8 17. Rfd1 Bd8 18. Kh1 Bc7 19. Bg1 Kh8 20. Nc2 Qa8 21. Ne3 Rg8 22. b4 Nh5 23. a4 g5 24. Bf1 Ne5 25. Qd4 Rg7 26. Ne2 Nf4 27. Bf2 Rd8 28. Bg3 Nfg6 29. Nc3 h5 30. Qd2 h4 31. Bf2 h3 32. Ne2 Nf4 33. Nd4 hxg2+ 34. Nxg2 Nh3 35. Bg3 Rh7 36. Ne1 g4 37. Qe3 gxf3 38. Nexf3 Bxe4 39. Bg2 Ng4 40. Qe2 e5 41. Nb3 f5 42. Rf1 Rg8 43. Nbd2 Nxh2 44. Bxh2 Nf4 45. Qe3 Rxg2 46. Nxe4 fxe4 0-1

[Event "GRE-ch U20 Girls"]
[Site "Chania"]
[Date "2018.04.11"]
[Round "3"]
[White "Vozinaki, Anthi Maria"]
[Black "Louka, Magdalini"]
[Result "1-0"]
[WhiteElo "1954"]
[BlackElo "1760"]
[PlyCount "61"]
[EventDate "2018.04.10"]
[EventType "swiss"]
[EventRounds "9"]
[EventCountry "GRE"]
[SourceTitle "CBM 184 Extra"]
[Source "ChessBase"]
[SourceDate "2018.06.28"]
[SourceVersion "1"]
[SourceVersionDate "2018.06.28"]
[SourceQuality "1"]
[WhiteTeam "Greece"]
[BlackTeam "Greece"]
[WhiteTeamCountry "GRE"]
[BlackTeamCountry "GRE"]

1. e4 c5 2. Nf3 g6 3. d4 cxd4 4. Nxd4 Nc6 5. c4 Nf6 6. Nc3 Nxd4 7. Qxd4 d6 8. Bg5 Bg7 9. Nd5 0-0 10. Bxf6 exf6 11. Qd2 Re8 12. 0-0-0 Rxe4 13. Nc3 Re8 14. c5 d5 15. Bb5 Bd7 16. Qxd5 Bxb5 17. Nxb5 Qxd5 18. Rxd5 Bh6+ 19. Kb1 Re2 20. Rd7 Rc8 21. b4 a5 22. a3 axb4 23. axb4 Bd2 24. Rxb7 Bf4 25. Rd1 Rxf2 26. Nd6 Rd8 27. b5 Be5 28. b6 Rxg2 29. Ra7 Rb8 30. b7 Rb2+ 31. Kc1 1-0

[Event "GRE-ch (Women) 40th"]
[Site "Thessaloniki"]
[Date "2018.01.09"]
[Round "8"]
[White "Markantonaki, Haritomeni"]
[Black "Vozinaki, Anthi Maria"]
[Result "1-0"]
[WhiteElo "2190"]
[BlackElo "1964"]
[PlyCount "125"]
[EventDate "2018.01.02"]
[EventType "tourn"]
[EventRounds "9"]
[EventCountry "GRE"]
[SourceTitle "CBM 182 Extra"]
[Source "ChessBase"]
[SourceDate "2018.02.23"]
[SourceVersion "1"]
[SourceVersionDate "2018.02.23"]
[SourceQuality "1"]

1. e4 c5 2. Nf3 e6 3. d4 cxd4 4. Nxd4 Nf6 5. Nc3 d6 6. g4 a6 7. g5 Nfd7 8. h4 b5 9. a3 Bb7 10. Be3 Nc6 11. f4 Rc8 12. h5 Qc7 13. Bh3 Nc5 14. Qf3 b4 15. axb4 Nxb4 16. 0-0 d5 17. exd5 Nxd5 18. Nxd5 Bxd5 19. Qg4 Bd6 20. Bg2 Bxg2 21. Qxg2 Rb8 22. b3 0-0 23. h6 g6 24. Nc6 Rbc8 25. Na5 Rfd8 26. Nc4 Bf8 27. Ra5 Rb8 28. Rfa1 Rb5 29. R5a2 Bd6 30. Rd1 Rbb8 31. Qf3 e5 32. fxe5 Bxe5 33. Rxd8+ Rxd8 34. Nxe5 Qxe5 35. Ra5 Qe4 36. Qxe4 Nxe4 37. Rxa6 Kf8 38. Ra5 Rc8 39. c4 Nd6 40. Bc5 Ke7 41. Ra7+ Ke6 42. Bxd6 Kxd6 43. Rxf7 Rb8 44. Rf3 Ke5 45. Kf2 Ke4 46. Kg3 Kd4 47. Kg4 Rb7 48. Kg3 Re7 49. Kf2 Rc7 50. Ke2 Ke4 51. Rd3 Rc5 52. Rd5 Rc7 53. Kd2 Rf7 54. Kc3 Rf3+ 55. Kb4 Rg3 56. Ka4 Rc3 57. Rd7 Kf5 58. Rxh7 Kxg5 59. Rh8 Rh3 60. c5 Kf6 61. c6 Rc3 62. Rf8+ Ke7 63. h7 1-0

[Event "GRE-ch (Women) 40th"]
[Site "Thessaloniki"]
[Date "2018.01.08"]
[Round "7"]
[White "Vozinaki, Anthi Maria"]
[Black "Louka, Magdalini"]
[Result "1-0"]
[WhiteElo "1964"]
[BlackElo "1792"]
[PlyCount "91"]
[EventDate "2018.01.02"]
[EventType "tourn"]
[EventRounds "9"]
[EventCountry "GRE"]
[SourceTitle "CBM 182 Extra"]
[Source "ChessBase"]
[SourceDate "2018.02.23"]
[SourceVersion "1"]
[SourceVersionDate "2018.02.23"]
[SourceQuality "1"]

1. e4 e5 2. Nf3 d6 3. d4 exd4 4. Nxd4 Nf6 5. Nc3 Be7 6. Bc4 0-0 7. f3 c6 8. Be3 b5 9. Bd3 Qc7 10. a3 Re8 11. 0-0 Bf8 12. Kh1 a6 13. Bg5 Nbd7 14. Nf5 c5 15. Qd2 Bb7 16. Qf4 c4 17. Be2 Ne5 18. Bxf6 gxf6 19. Rad1 Ng6 20. Qg3 Rad8 21. Nd5 Bxd5 22. Rxd5 Re5 23. Rfd1 Kh8 24. R5d4 Qc6 25. Ne3 Rg5 26. Qf2 Nf4 27. g3 Ne6 28. R4d2 Nc5 29. Nd5 Rg6 30. Qd4 Ne6 31. Qc3 Bh6 32. f4 Qb7 33. Bf3 Nc5 34. Qd4 Nd7 35. Rf2 Rgg8 36. Bh5 Bg7 37. f5 Ne5 38. Rf4 Bh6 39. Nxf6 Bxf4 40. gxf4 Rgf8 41. fxe5 dxe5 42. Qxd8 Rxd8 43. Rxd8+ Kg7 44. Rd7 Qc6 45. Rxf7+ Kh6 46. h4 1-0

[Event "GRE-ch (Women) 40th"]
[Site "Thessaloniki"]
[Date "2018.01.03"]
[Round "2"]
[White "Vozinaki, Anthi Maria"]
[Black "Makka, Ioulia"]
[Result "1/2-1/2"]
[WhiteElo "1964"]
[BlackElo "2167"]
[PlyCount "103"]
[EventDate "2018.01.02"]
[EventType "tourn"]
[EventRounds "9"]
[EventCountry "GRE"]
[SourceTitle "CBM 182 Extra"]
[Source "ChessBase"]
[SourceDate "2018.02.23"]
[SourceVersion "1"]
[SourceVersionDate "2018.02.23"]
[SourceQuality "1"]

1. e4 e6 2. d4 d5 3. Nc3 Nf6 4. e5 Nfd7 5. f4 c5 6. Nf3 Qb6 7. Na4 Qc6 8. c3 c4 9. b3 b5 10. Nb2 a5 11. bxc4 bxc4 12. Be2 a4 13. Qc2 Nb6 14. 0-0 h5 15. Nd1 g6 16. Ne3 Be7 17. g4 hxg4 18. Nxg4 N8d7 19. Ng5 a3 20. Rf3 Ra5 21. Bd1 Ba6 22. Qg2 Bb5 23. Rh3 Rxh3 24. Qxh3 Ba4 25. Bf3 Nf8 26. Qh8 Bc2 27. Qg7 Bxg5 28. fxg5 Ke7 29. Nh6 Qe8 30. Qf6+ Kd7 31. Nxf7 Qe7 32. Qf4 Nc8 33. Nh6 Kc6 34. Ng8 Qg7 35. Nf6 Ne7 36. Ne8 Qg8 37. Nd6 Nf5 38. Nxf5 exf5 39. Qd2 Bd3 40. Bd1 Qh8 41. Bc2 Bxc2 42. Qxc2 Qh3 43. Rb1 Qg4+ 44. Kh1 Qf3+ 45. Kg1 Qg4+ 46. Kh1 Ne6 47. Rb8 Qf3+ 48. Kg1 Qg4+ 49. Kh1 Qf3+ 50. Kg1 Qg4+ 51. Kh1 Qf3+ 52. Kg1 1/2-1/2

[Event "EU-chT (Women) 21st"]
[Site "Heraklion"]
[Date "2017.11.04"]
[Round "7.4"]
[White "Vozinaki, Anthi Maria"]
[Black "Michna, Marta"]
[Result "0-1"]
[WhiteElo "1989"]
[BlackElo "2376"]
[PlyCount "146"]
[EventDate "2017.10.28"]
[EventType "team-swiss"]
[EventRounds "9"]
[EventCountry "GRE"]
[SourceTitle "CBM 181 Extra"]
[Source "ChessBase"]
[SourceDate "2017.12.12"]
[SourceVersion "1"]
[SourceVersionDate "2017.12.12"]
[SourceQuality "1"]
[WhiteTeam "Greece (W) II"]
[BlackTeam "Germany (W)"]
[WhiteTeamCountry "GRE"]
[BlackTeamCountry "GER"]

1. e4 e6 2. d4 b6 3. Nc3 Bb7 4. Be3 Bb4 5. f3 d5 6. e5 Ne7 7. a3 Nf5 8. Bf2 Be7 9. Bd3 g6 10. Nce2 h5 11. f4 h4 12. Nf3 Ba6 13. Bxa6 Nxa6 14. Qd3 Nb8 15. c4 c6 16. Rc1 Qd7 17. Nc3 Kf8 18. 0-0 Kg7 19. Nd1 a5 20. Ne3 Na6 21. Rfd1 Nc7 22. Be1 Nxe3 23. Qxe3 dxc4 24. Rxc4 Nd5 25. Qe4 Rac8 26. Rdc1 c5 27. dxc5 Bxc5+ 28. Bf2 Bxf2+ 29. Kxf2 b5 30. Rxc8 Rxc8 31. Rxc8 Qxc8 32. Nxh4 Qc1 33. Qd4 Nxf4 34. Nf3 Qc2+ 35. Qd2 Qxd2+ 36. Nxd2 Nd3+ 37. Ke3 Nxb2 38. Kd4 b4 39. axb4 axb4 40. Nf3 Nd1 41. Kc4 Ne3+ 42. Kxb4 Nxg2 43. Kc4 Kh6 44. Kd3 Kh5 45. Ke4 Kg4 46. h3+ Kh5 47. Nd4 Nh4 48. Nb5 Nf5 49. Nd6 Nh6 50. Kf3 g5 51. Ne4 Kg6 52. Ng3 Nf5 53. Ne4 Nd4+ 54. Kg4 Nc6 55. Nxg5 Nxe5+ 56. Kf4 Nd3+ 57. Kg4 f5+ 58. Kh4 e5 59. Nf3 Kf6 60. Kg3 f4+ 61. Kg2 Kf5 62. Nh4+ Ke4 63. Nf3 Ke3 64. h4 e4 65. Nh2 Ne1+ 66. Kf1 Nf3 67. Ng4+ Kd2 68. Nf6 e3 69. Ne4+ Kd3 70. Nc5+ Kd4 71. Nb3+ Kc3 72. Nc1 Kd2 73. Nb3+ Kd1 0-1

[Event "EU-ch U16 Girls 27th"]
[Site "Mamaia"]
[Date "2017.09.08"]
[Round "4"]
[White "Vozinaki, Anthi Maria"]
[Black "Cvitan, Ena"]
[Result "0-1"]
[WhiteElo "2040"]
[BlackElo "2270"]
[PlyCount "106"]
[EventDate "2017.09.05"]
[EventType "swiss"]
[EventRounds "9"]
[EventCountry "ROU"]
[SourceTitle "CBM 180 Extra"]
[Source "ChessBase"]
[SourceDate "2017.10.06"]
[SourceVersion "1"]
[SourceVersionDate "2017.10.06"]
[SourceQuality "1"]

1. e4 c6 2. d4 d5 3. Nc3 dxe4 4. Nxe4 Bf5 5. Ng3 Bg6 6. Nh3 Nf6 7. Nf4 Nbd7 8. h4 e5 9. Nxg6 hxg6 10. dxe5 Qa5+ 11. Bd2 Qxe5+ 12. Qe2 Bc5 13. b4 Bd6 14. a3 0-0 15. Qxe5 Bxe5 16. Rd1 Rfe8 17. Be2 Bxg3 18. fxg3 Ne4 19. Rh3 Ndf6 20. Kf1 Rad8 21. Bf4 Nd5 22. Bf3 Nxg3+ 23. Rxg3 Nxf4 24. Rxd8 Rxd8 25. Rg4 Ne6 26. Rc4 Rd4 27. Be2 Rxc4 28. Bxc4 Nd4 29. Bd3 Nf5 30. Kf2 Nxh4 31. g4 g5 32. Be4 Kf8 33. b5 cxb5 34. Bxb7 a5 35. c3 Ng6 36. Ba6 Ne5 37. Kg3 Ke7 38. Bxb5 Kd6 39. a4 g6 40. Be2 f5 41. gxf5 gxf5 42. Kf2 f4 43. Bb5 g4 44. Ba6 Kd5 45. Bf1 Ke4 46. Ba6 Nd3+ 47. Kg2 f3+ 48. Kg3 Nc5 49. Bb5 Kf5 50. Bc6 Ne4+ 51. Kh2 Kf4 52. c4 g3+ 53. Kg1 Nd2 0-1